000
00279nam a22000977a 4500
008
231207b |||||||| |||| 00| 0 eng d
020
_a
9789355559715
100
_a
MTG
_9
7733
245
_a
MTG CBSE BOARD EXAM 2023-2024 15 SAMPLE PAPERS MATHEMATICS-10
260
_a
NEW DELHI
_b
MTG
_c
2023
999
_c
12486
_d
12486